I Look in People's Windows - Taylor Swift (All Lyrics) - Statistics

General Stats
  • This quiz has been taken 639 times
    626 since last reset
  • The average score is 144 of 179
Answer Stats
Lyrics % Correct
I
100%
in
99%
In
99%
A
98%
people's
98%
wind
98%
windows
98%
look
97%
the
97%
you
96%
You
96%
your
96%
on
95%
so
95%
So
95%
at
94%
me?
94%
you're
93%
and
92%
if
92%
"if
92%
I'm
92%
table
92%
case
91%
eyes
91%
mine
91%
more
91%
One
91%
their
91%
time
91%
What
90%
what
90%
looked
89%
met
89%
up
89%
Like
88%
some
88%
Out,
87%
out,
87%
out
87%
weirdo
86%
to
85%
from
81%
Christmas
80%
it
80%
not
78%
outside
78%
had
77%
only"
77%
parties
77%
by
76%
deranged
76%
know
76%
death
74%
addicted
73%
be
73%
tiniest
73%
died
72%
attend
71%
They
70%
knowing
69%
breath
67%
drink
67%
have
67%
nice
67%
wine
67%
are
65%
South,
64%
south,
64%
south
64%
As
63%
Does
63%
feel
63%
friends
63%
golden
63%
meant
63%
over
63%
rose
63%
you'd
63%
away
61%
catch
61%
chances
61%
Downtown,
61%
downtown,
61%
downtown
61%
got
61%
blowing
59%
carried
59%
still
59%
train
59%
head
58%
Now,
58%
now,
58%
now
58%
afflicted
57%
alright
56%
glows
56%
ponder
55%
Transfixed
53%
boarded
52%
tilted
51%
spied
50%
streets
49%
feather
48%
taken
47%
faces
46%
Northbound
45%
stopped
43%
searching
40%
tried
39%
No matching quizzes found
Score Distribution
Percent of People with Each Score
Percentile by Number Answered
Your Score History
You have not taken this quiz since the last reset